000 00915nmc a2200325 a 4500
003 AR-BaBNM
005 20251128204550.0
008 011101s1994 ||||||||||||||000 | spa||
020 _a950-701-212-5
040 _cAR-BaBNM
100 1 _aMcLaren, Peter
245 1 0 _aPedagogía crítica, resistencia cultural y la producción del deseo
250 _a2ª ed.
260 _aBuenos Aires
_bAique
_c1994
300 _a171 p.
490 0 _aCuadernos. Educación
504 _aBibliografía al final de cada capítulo
650 4 _aCONTROL SOCIAL
650 4 _aALFABETIZACION
650 4 _aSEXUALIDAD
650 4 _aMEDIOS DE COMUNICACION
650 4 _aIMAGINACION
650 4 _aDEMOCRATIZACION DE LA EDUCACION
653 _aPOSMODERNIDAD
653 _aPEDAGOGIA CRITICA
700 1 _aPuiggrós, Adriana
_eprologuista
800 1 _aDe Lella, Cayetano
_edirector
942 _cBK
998 _cenrique
999 _c7943
_d7943